[Event "1st Archibald 2019"]
[Site "Sochi"]
[Date "2019.05.14"]
[Round "4.14"]
[White "Maltsevskaya, Aleksandra"]
[Black "Solozhenkina, Elizaveta"]
[Result "1/2-1/2"]
[WhiteElo "2299"]
[BlackElo "2329"]
[Annotator "TA"]
[PlyCount "61"]
[EventDate "2019.05.12"]
[EventType "swiss"]
[EventCountry "RUS"]
[SourceTitle "playchess.com"]
[Source "ChessBase"]
[SourceQuality "1"]

{[%evp 15,61,3,0,0,0,0,0,-14,0,0,11,14,16,8,29,24,35,3,14,0,0,0,-6,-10,0,0,0,0,0,-8,25,27,25,26,17,19,74,41,103,0,0,0,89,0,0,0,98,75]} 1. Nf3 Nf6 2. g3 g6 3. Bg2 Bg7 4. O-O O-O 5. d4 d5 6. c4 c6 7. Qb3 Qb6 8. Nc3 Rd8 9. cxd5 {D78: Fianchetto Grünfeld: 6 0-0 c6} (9. Bd2 dxc4 10. Qxc4 Be6 11. Qa4 Bf5 12. Rfe1 Ne4 13. Nxe4 Bxe4 14. Ba5 Qa6 15. Qa3 Re8 16. Bf1 c5 17. dxc5 Bxb2 {½-½ (17) Ding,L (2813)-Nepomniachtchi,I (2763) Wijk aan Zee 2019}) 9... Qxb3 10. axb3 Nxd5 11. Bg5 {The position is equal.} Kf8 12. Bd2 $146 ({Predecessor:} 12. Rfc1 Be6 13. Bd2 h6 14. e3 Nd7 15. Ne1 Nxc3 16. Rxc3 g5 17. Nd3 Bf5 18. Nc5 Nxc5 19. Rxc5 Bg6 20. Bc3 e6 21. b4 a6 22. Rca5 {½-½ (22) Nielsen,P (2628)-Radjabov,T (2670) Tripoli 2004}) 12... Na6 13. Nxd5 Rxd5 14. Bc3 Rb5 15. Nd2 Nc7 16. Ra3 e5 17. dxe5 Bxe5 18. Nc4 Bxc3 19. bxc3 Be6 20. Nd6 $36 {[%mdl 2048] White is more active.} Rxb3 21. Rxb3 Bxb3 22. Nxb7 Bd5 23. Na5 Bxg2 24. Kxg2 $11 {[%mdl 4096] Endgame KRN-KRN} c5 25. Rb1 Ke7 (25... Re8 $11 {remains equal.}) 26. Rb7 Kd6 (26... Kd7 $1 $14) 27. Nc4+ (27. e4 $16) 27... Kc6 (27... Kd5 $11 {keeps the balance.} 28. Na5 (28. Rxc7 $2 Kxc4 29. Re7 a5 $19) 28... Kd6) 28. Na5+ $16 Kd6 29. Nc4+ ({Better is} 29. e4 $16) 29... Kc6 $11 30. Na5+ (30. Rb1 $11) 30... Kd6 $16 31. Kf3 {Accuracy: White = 69%, Black = 53%.} 1/2-1/2

[Event "1st Archibald 2019"]
[Site "Sochi"]
[Date "2019.05.14"]
[Round "4.15"]
[White "Azimov, Ilyas"]
[Black "Guseva, Marina"]
[Result "1-0"]
[WhiteElo "2223"]
[BlackElo "2402"]
[Annotator "ChessBase"]
[PlyCount "67"]
[EventDate "2019.05.12"]
[EventType "swiss"]
[EventCountry "RUS"]
[SourceTitle "playchess.com"]
[Source "ChessBase"]
[SourceQuality "1"]
[TimeControl "5400+30"]

1. e4 {[%emt 0:00:00]} c5 {[%emt 0:00:00]} 2. Nf3 {[%emt 0:00:00]} d6 {[%emt 0:00:00]} 3. d4 {[%emt 0:00:00]} cxd4 {[%emt 0:00:00]} 4. Nxd4 {[%emt 0:00:00]} Nf6 {[%emt 0:00:00]} 5. Nc3 {[%emt 0:00:00]} a6 {[%emt 0:00:00]} 6. Nb3 {[%emt 0:00:00]} Nbd7 {[%emt 0:00:00]} 7. g4 {[%emt 0:02:27]} h6 {[%emt 0:03:07]} 8. Be3 {[%emt 0:06:12]} b5 {[%emt 0:01:25]} 9. Bg2 {[%emt 0:01:38]} Bb7 {[%emt 0:06:28]} 10. Qe2 {[%emt 0:06:04]} e5 {[%emt 0:09:41]} 11. a3 {[%emt 0:03:37]} Rc8 {[%emt 0:00:39]} 12. O-O-O {[%emt 0:02:48]} Qc7 {[%emt 0:22:13]} 13. h4 {[%emt 0:02:50]} g6 {[%emt 0:00:36]} 14. Bf3 {[%emt 0:06:46]} Nb6 {[%emt 0:04:04]} 15. g5 {[%emt 0:03:32]} hxg5 {[%emt 0:00:37]} 16. Bxb6 {[%emt 0:04:13]} Qxb6 {[%emt 0:00:04]} 17. hxg5 {[%emt 0:00:09]} Rxh1 {[%emt 0:01:01]} 18. Rxh1 {[%emt 0:00:43]} Nd7 {[%emt 0:00:09]} 19. Bg4 {[%emt 0:01:19]} Qd8 {[%emt 0:00:18]} 20. Qd2 {[%emt 0:03:58]} Rc7 {[%emt 0:16:24]} 21. Bxd7+ {[%emt 0:01:47]} Rxd7 {[%emt 0:01:40]} 22. Rh8 {[%emt 0:01:29]} f6 {[%emt 0:03:49]} 23. f4 {[%emt 0:06:47]} Rf7 {[%emt 0:12:47]} 24. fxe5 {[%emt 0:16:26]} fxe5 {[%emt 0:02:22]} 25. Kb1 {[%emt 0:00:00]} Qc7 {[%emt 0:08:13]} 26. Nd5 {[%emt 0:04:03]} Rf1+ {[%emt 0:00:33]} 27. Ka2 {[%emt 0:00:49]} Qg7 {[%emt 0:03:18]} 28. Rh2 {[%emt 0:01:16]} Be7 {[%emt 0:00:07]} 29. Nc7+ {[%emt 0:02:16]} Kf7 {[%emt 0:00:53]} 30. Qd3 {[%emt 0:02:25]} Rf4 {[%emt 0:01:12]} 31. Qh3 {[%emt 0:01:47]} Qg8 {[%emt 0:02:22]} 32. Qe6+ {[%emt 0:02:06]} Kf8 {[%emt 0:00:00]} 33. Qd7 {[%emt 0:00:23]} Kf7 {[%emt 0:00:23]} 34. Rh7+ {[%emt 0:01:09]} 1-0

[Event "1st Archibald 2019"]
[Site "Sochi"]
[Date "2019.05.14"]
[Round "4.16"]
[White "Novikov, Evgenij"]
[Black "Bocharov, Dmitry"]
[Result "0-1"]
[WhiteElo "2148"]
[BlackElo "2530"]
[Annotator "TA"]
[PlyCount "73"]
[EventDate "2019.05.12"]
[EventType "swiss"]
[EventCountry "RUS"]
[SourceTitle "playchess.com"]
[Source "ChessBase"]
[SourceQuality "1"]

{[%evp 10,73,12,0,0,0,18,26,39,44,43,31,33,32,50,37,47,47,48,34,66,51,63,68,88,86,82,88,102,65,197,80,77,66,104,77,114,0,0,-185,-186,-166,-124,-113,-113,-227,-213,-293,-335,-533,-538,-1768,-1756,-29990,-29991,-29991,-29992,-29993,-29994,-29994,-29995,-29997,-29998,-29998,-29999,-29999]} 1. d4 d6 2. Nf3 g6 3. Bf4 Bg7 4. e3 Nd7 5. h3 e5 6. Bh2 f5 {A41: 1 d4 d6: Tartakower System and Modern Defence} (6... Ne7 7. Be2 O-O 8. O-O b6 9. c4 Bb7 10. Nc3 h6 11. Rc1 g5 12. b4 Ng6 13. dxe5 dxe5 14. Qc2 a5 {½-½ (56) Grachev,B (2654)-Fedoseev,V (2731) Sochi 2017}) 7. Be2 e4 8. Nfd2 Ne7 {White has an edge.} 9. c4 O-O 10. Nc3 Nf6 11. b4 Be6 12. O-O g5 $146 ({Predecessor:} 12... Bf7 13. Nb3 Qd7 14. b5 g5 {½-½ (46) Chakravarthi,Y (2122)-Rahman,Z (2485) Mumbai 2017}) 13. d5 Bf7 14. Nb3 Qd7 15. Nd4 c6 16. dxc6 bxc6 17. Rc1 Ng6 18. Qa4 Rfc8 19. Rfd1 a6 (19... f4 $1 $14) 20. Nb3 (20. Qa5 $18 {and White stays clearly on top.}) 20... f4 $16 21. Qa5 $1 Re8 22. Na4 {Nb6 is the strong threat.} Rad8 23. Nac5 (23. Nd4 $16) 23... Qc8 $1 $11 24. Nxa6 $2 {[#]} (24. Na4 $1 $11) 24... f3 $1 $19 {[%cal Rf3e2][%mdl 512]} 25. Bf1 {Hoping for Nc7.} (25. gxf3 Qxh3) 25... fxg2 $1 26. Bxg2 Nh4 27. Nc7 (27. Rxd6 $2 Nf3+ 28. Kh1 Ng4 $1 $19 {[%mdl 512]}) (27. Nd4 $17 Nxg2 28. Kxg2) 27... Nxg2 28. Kxg2 {[#]} ({But not} 28. Nxe8 Nh4 $17) 28... Bh5 $1 {[%cal Rh5f3] aiming for ...Bf3+.} 29. Bg3 (29. Bxd6 Bf3+ 30. Kg3 Rxd6 $19) (29. Nxe8 $142 Bf3+ 30. Kf1 (30. Kg1 $2 Rxe8 31. Qxg5 Re5 $19) 30... Rxe8 31. Ke1 Qxh3 32. Bg1) 29... Bf3+ 30. Kh2 {[#]} Ng4+ $1 {[%mdl 512]} 31. Kg1 {[#]} (31. hxg4 Qxg4) 31... Nxe3 $1 {[%mdl 576] Discovered Attack. Black mates.} 32. Kh2 (32. fxe3 Qxh3) 32... Bg2 33. Kg1 Qxh3 {[%csl Gg2][%cal Rh3h1]} 34. fxe3 Bf3 {[%csl Gf3][%cal Rh3g2]} 35. Rd2 Qh1+ 36. Kf2 Qg2+ 37. Ke1 {Accuracy: White = 44%, Black = 64%.} 0-1

[Event "1st Archibald 2019"]
[Site "Sochi"]
[Date "2019.05.14"]
[Round "4.17"]
[White "Bimiev, Ahmad"]
[Black "Zakaryan, David"]
[Result "1/2-1/2"]
[WhiteElo "2196"]
[BlackElo "2350"]
[Annotator "ChessBase"]
[PlyCount "84"]
[EventDate "2019.05.12"]
[EventType "swiss"]
[EventCountry "RUS"]
[SourceTitle "playchess.com"]
[Source "ChessBase"]
[SourceQuality "1"]
[TimeControl "5400+30"]

1. e4 {[%emt 0:00:00]} c5 {[%emt 0:08:54]} 2. d3 {[%emt 0:00:09]} Nc6 {[%emt 0:00:18]} 3. g3 {[%emt 0:00:08]} d5 {[%emt 0:00:14]} 4. exd5 {[%emt 0:00:13]} Qxd5 {[%emt 0:00:00]} 5. Nf3 {[%emt 0:00:12]} Nd4 {[%emt 0:01:16]} 6. Bg2 {[%emt 0:00:08]} Bh3 {[%emt 0:03:15]} 7. Bxh3 {[%emt 0:00:08]} Nxf3+ {[%emt 0:00:05]} 8. Kf1 {[%emt 0:00:03]} Nd2+ {[%emt 0:00:21]} 9. Kg1 {[%emt 0:00:07]} Nf3+ {[%emt 0:00:05]} 10. Kf1 {[%emt 0:00:03]} Nd2+ {[%emt 0:00:22]} 11. Kg1 {[%emt 0:00:03]} Nxb1 {[%emt 0:00:11]} 12. Bg2 {[%emt 0:00:31]} Qd7 {[%emt 0:00:22]} 13. Rxb1 {[%emt 0:00:00]} Rc8 {[%emt 0:00:54]} 14. Qf3 {[%emt 0:04:17]} b6 {[%emt 0:00:06]} 15. b3 {[%emt 0:02:11]} e6 {[%emt 0:00:15]} 16. Bb2 {[%emt 0:00:13]} Ne7 {[%emt 0:00:02]} 17. Qb7 {[%emt 0:05:49]} Nf5 {[%emt 0:01:53]} 18. Qxd7+ {[%emt 0:02:25]} Kxd7 {[%emt 0:00:03]} 19. Rd1 {[%emt 0:01:54]} Bd6 {[%emt 0:02:53]} 20. Be4 {[%emt 0:00:25]} Nd4 {[%emt 0:00:38]} 21. c3 {[%emt 0:00:27]} Nc6 {[%emt 0:00:01]} 22. Kg2 {[%emt 0:01:06]} Rhd8 {[%emt 0:02:39]} 23. h4 {[%emt 0:04:35]} h5 {[%emt 0:00:06]} 24. Rhe1 {[%emt 0:02:54]} Be7 {[%emt 0:01:35]} 25. d4 {[%emt 0:02:06]} cxd4 {[%emt 0:00:11]} 26. cxd4 {[%emt 0:00:18]} Bf6 {[%emt 0:02:04]} 27. Bf3 {[%emt 0:17:26]} g6 {[%emt 0:00:25]} 28. Bxc6+ {[%emt 0:26:16]} Rxc6 {[%emt 0:00:02]} 29. d5 {[%emt 0:00:08]} exd5 {[%emt 0:00:02]} 30. Bxf6 {[%emt 0:00:06]} Rxf6 {[%emt 0:00:01]} 31. Rxd5+ {[%emt 0:00:06]} Rd6 {[%emt 0:00:01]} 32. Rxd6+ {[%emt 0:00:19]} Kxd6 {[%emt 0:00:00]} 33. Rd1+ {[%emt 0:00:06]} Ke7 {[%emt 0:00:03]} 34. Rxd8 {[%emt 0:00:12]} Kxd8 {[%emt 0:00:00]} 35. Kf3 {[%emt 0:00:07]} Ke7 {[%emt 0:00:03]} 36. Ke3 {[%emt 0:00:33]} f6 {[%emt 0:02:50]} 37. f3 {[%emt 0:10:14]} g5 {[%emt 0:09:53]} 38. Ke4 {[%emt 0:02:43]} Ke6 {[%emt 0:00:19]} 39. f4 {[%emt 0:00:05]} gxh4 {[%emt 0:01:03]} 40. gxh4 {[%emt 0:00:02]} f5+ {[%emt 0:03:14]} 41. Kd4 {[%emt 0:00:06]} Kd6 {[%emt 0:00:03]} 42. a4 {[%emt 0:05:25]} a6 {[%emt 0:02:00]} 1/2-1/2

[Event "1st Archibald 2019"]
[Site "Sochi"]
[Date "2019.05.14"]
[Round "4.18"]
[White "Gharagyozyan, Artur"]
[Black "Osipov, Aleksandr"]
[Result "1-0"]
[WhiteElo "2321"]
[BlackElo "2024"]
[Annotator "TA"]
[PlyCount "49"]
[EventDate "2019.05.12"]
[EventType "swiss"]
[EventCountry "RUS"]
[SourceTitle "playchess.com"]
[Source "ChessBase"]
[SourceQuality "1"]

{[%evp 13,49,15,26,7,5,0,20,1,24,17,27,8,25,14,39,-7,-7,-22,25,34,106,47,89,62,120,116,1106,1116,941,1005,918,888,758,524,29996,29997,29997,29998]} 1. e4 c5 2. Nf3 d6 3. d4 cxd4 4. Nxd4 Nf6 5. Nc3 a6 6. Be3 e5 7. Nb3 Be6 8. Qf3 {B90: Sicilian Najdorf: Unusual White 6th moves, 6 Be3 Ng4 and 6 Be3 e5} (8. f3 Be7 9. Qd2 O-O 10. O-O-O Nbd7 11. g4 b5 12. g5 Nh5 13. Kb1 Nb6 14. Na5 Rc8 15. a3 g6 16. h4 Ng3 17. Rh2 Nxf1 18. Rxf1 h5 19. Bxb6 Qxb6 20. Nd5 Bxd5 21. exd5 {½-½ (35) Navara,D (2739)-Wojtaszek,R (2722) Prague 2019}) 8... Nbd7 9. h3 Be7 10. g4 {The position is equal.} Nb6 11. g5 Nfd7 12. h4 Rc8 13. Bh3 Bxh3 (13... Qc7 {keeps more tension.} 14. a4 Nc4 15. Bc1 Bxh3 16. Rxh3 Nf8) 14. Bxb6 $146 ({Predecessor:} 14. Rxh3 O-O 15. Rg3 d5 16. exd5 {0-1 (39) Zavarce,O (2218)-Leiva Rodriguez,J (2424) Bogota 2013}) 14... Nxb6 15. Rxh3 O-O 16. O-O-O Nc4 (16... Qd7 $14) 17. Nd5 ({White should try} 17. Nd2 $16) 17... b5 18. Qf5 {Strongly threatening Qxc8!} Rc6 (18... Nb6 $14) 19. Rg1 {aiming for Nf6+!} a5 $2 {[%mdl 8192] [#]} (19... Kh8 $16) 20. Nf6+ $1 $18 {[%mdl 512]} Bxf6 (20... gxf6 21. gxf6+) 21. gxf6 g6 22. h5 {[%cal Rh5g6]} Qc8 {[#]} 23. Qg5 $3 {[%mdl 512] Qh6! would kill now.} d5 {[#]} 24. Qh6 $1 {[%csl Gf6][%cal Rh6g7][%mdl 512]} Rxf6 25. hxg6 {Accuracy: White = 75%, Black = 23%.} 1-0

[Event "1st Archibald 2019"]
[Site "Sochi"]
[Date "2019.05.14"]
[Round "4.19"]
[White "Ufimtsev, Egor"]
[Black "Alexeev, Alexey"]
[Result "1/2-1/2"]
[WhiteElo "2101"]
[BlackElo "2292"]
[Annotator "ChessBase"]
[PlyCount "89"]
[EventDate "2019.05.12"]
[EventType "swiss"]
[EventCountry "RUS"]
[SourceTitle "playchess.com"]
[Source "ChessBase"]
[SourceQuality "1"]
[TimeControl "5400+30"]

1. c4 {[%emt 0:00:00]} e5 {[%emt 0:00:44]} 2. Nc3 {[%emt 0:00:47]} Nf6 {[%emt 0:00:25]} 3. Nf3 {[%emt 0:01:26]} Nc6 {[%emt 0:00:06]} 4. a3 {[%emt 0:00:03]} e4 {[%emt 0:03:30]} 5. Ng5 {[%emt 0:00:35]} Qe7 {[%emt 0:00:05]} 6. f3 {[%emt 0:05:17]} exf3 {[%emt 0:03:17]} 7. Nxf3 {[%emt 0:00:11]} Ne5 {[%emt 0:00:24]} 8. e4 {[%emt 0:09:12]} d6 {[%emt 0:05:41]} 9. Be2 {[%emt 0:07:18]} g6 {[%emt 0:05:08]} 10. d4 {[%emt 0:01:31]} Nxf3+ {[%emt 0:02:15]} 11. Bxf3 {[%emt 0:01:26]} Bg7 {[%emt 0:00:23]} 12. O-O {[%emt 0:13:05]} O-O {[%emt 0:03:42]} 13. Bg5 {[%emt 0:03:28]} Be6 {[%emt 0:00:26]} 14. d5 {[%emt 0:07:08]} Bc8 {[%emt 0:05:27]} 15. Qd2 {[%emt 0:00:08]} Qe5 {[%emt 0:01:22]} 16. Bf4 {[%emt 0:11:52]} Qe8 {[%emt 0:01:05]} 17. Nb5 {[%emt 0:03:53]} Qe7 {[%emt 0:06:15]} 18. c5 {[%emt 0:00:43]} Ne8 {[%emt 0:04:02]} 19. cxd6 {[%emt 0:00:48]} cxd6 {[%emt 0:02:07]} 20. Qb4 {[%emt 0:08:53]} a5 {[%emt 0:06:26]} 21. Qd2 {[%emt 0:04:51]} Bd7 {[%emt 0:00:41]} 22. a4 {[%emt 0:00:07]} Be5 {[%emt 0:10:11]} 23. Rac1 {[%emt 0:03:11]} b6 {[%emt 0:13:56]} 24. b3 {[%emt 0:01:05]} Nf6 {[%emt 0:05:23]} 25. Bxe5 {[%emt 0:04:14]} Qxe5 {[%emt 0:00:15]} 26. Qd4 {[%emt 0:00:50]} Bxb5 {[%emt 0:06:56]} 27. Qxe5 {[%emt 0:00:05]} dxe5 {[%emt 0:00:06]} 28. axb5 {[%emt 0:00:01]} a4 {[%emt 0:00:06]} 29. bxa4 {[%emt 0:00:28]} Rxa4 {[%emt 0:00:04]} 30. Rc6 {[%emt 0:02:17]} Nxe4 {[%emt 0:00:23]} 31. Bxe4 {[%emt 0:00:03]} Rxe4 {[%emt 0:00:05]} 32. Rd1 {[%emt 0:00:09]} Rd8 {[%emt 0:02:29]} 33. d6 {[%emt 0:01:49]} Rd4 {[%emt 0:00:04]} 34. Rxd4 {[%emt 0:00:05]} exd4 {[%emt 0:00:04]} 35. Kf2 {[%emt 0:04:08]} Kg7 {[%emt 0:00:22]} 36. Rxb6 {[%emt 0:00:49]} Kf6 {[%emt 0:03:02]} 37. Rc6 {[%emt 0:04:15]} Ke6 {[%emt 0:04:04]} 38. b6 {[%emt 0:00:38]} Rb8 {[%emt 0:03:34]} 39. Ke2 {[%emt 0:00:52]} Kd7 {[%emt 0:02:43]} 40. Rc7+ {[%emt 0:00:02]} Kxd6 {[%emt 0:00:05]} 41. Rxf7 {[%emt 0:00:04]} Rxb6 {[%emt 0:00:12]} 42. Kd3 {[%emt 0:00:43]} Ke5 {[%emt 0:01:00]} 43. Re7+ {[%emt 0:00:10]} Kd5 {[%emt 0:01:18]} 44. Rd7+ {[%emt 0:00:09]} Ke5 {[%emt 0:00:10]} 45. Re7+ {[%emt 0:00:04]} 1/2-1/2

[Event "1st Archibald 2019"]
[Site "Sochi"]
[Date "2019.05.14"]
[Round "4.21"]
[White "Yakimenko, Alexander A."]
[Black "Potapova, Margarita"]
[Result "0-1"]
[WhiteElo "2059"]
[BlackElo "2253"]
[Annotator "ChessBase"]
[PlyCount "86"]
[EventDate "2019.05.12"]
[EventType "swiss"]
[EventCountry "RUS"]
[SourceTitle "playchess.com"]
[Source "ChessBase"]
[SourceQuality "1"]
[TimeControl "5400+30"]

1. e4 {[%emt 0:00:00]} c5 {[%emt 0:00:14]} 2. Nf3 {[%emt 0:00:06]} d6 {[%emt 0:00:17]} 3. Bb5+ {[%emt 0:00:08]} Nd7 {[%emt 0:00:11]} 4. O-O {[%emt 0:05:47]} a6 {[%emt 0:00:14]} 5. Bxd7+ {[%emt 0:00:20]} Bxd7 {[%emt 0:00:06]} 6. c4 {[%emt 0:00:30]} Nf6 {[%emt 0:01:17]} 7. Nc3 {[%emt 0:00:17]} g6 {[%emt 0:02:28]} 8. d3 {[%emt 0:05:32]} Bg7 {[%emt 0:00:17]} 9. Bg5 {[%emt 0:03:00]} O-O {[%emt 0:01:27]} 10. Qd2 {[%emt 0:01:04]} Re8 {[%emt 0:04:31]} 11. Bh6 {[%emt 0:01:13]} Bh8 {[%emt 0:00:18]} 12. h3 {[%emt 0:00:16]} b5 {[%emt 0:00:22]} 13. Rfe1 {[%emt 0:10:09]} Rb8 {[%emt 0:15:59]} 14. Rad1 {[%emt 0:15:25]} Qa5 {[%emt 0:02:29]} 15. e5 {[%emt 0:12:33]} b4 {[%emt 0:02:48]} 16. Ne2 {[%emt 0:00:36]} Nh5 {[%emt 0:04:24]} 17. g4 {[%emt 0:04:35]} Ng7 {[%emt 0:01:52]} 18. Nf4 {[%emt 0:01:16]} Bc6 {[%emt 0:03:49]} 19. Ng5 {[%emt 0:17:46]} dxe5 {[%emt 0:00:51]} 20. Rxe5 {[%emt 0:01:06]} f6 {[%emt 0:03:59]} 21. Re6 {[%emt 0:01:27]} Bd7 {[%emt 0:06:03]} 22. Rde1 {[%emt 0:01:23]} fxg5 {[%emt 0:02:48]} 23. Rxe7 {[%emt 0:00:14]} Ne6 {[%emt 0:14:30]} 24. Rxd7 {[%emt 0:03:50]} Nxf4 {[%emt 0:01:08]} 25. Ree7 {[%emt 0:08:31]} Rxe7 {[%emt 0:01:53]} 26. Rxe7 {[%emt 0:00:00]} Bf6 {[%emt 0:02:03]} 27. Qe3 {[%emt 0:00:30]} Qd8 {[%emt 0:00:20]} 28. Re4 {[%emt 0:03:54]} Bd4 {[%emt 0:01:18]} 29. Qf3 {[%emt 0:00:18]} Qf6 {[%emt 0:01:37]} 30. h4 {[%emt 0:00:16]} Nxd3 {[%emt 0:02:20]} 31. Qxf6 {[%emt 0:00:24]} Bxf6 {[%emt 0:00:02]} 32. hxg5 {[%emt 0:00:20]} Bd4 {[%emt 0:00:07]} 33. Re6 {[%emt 0:00:54]} a5 {[%emt 0:00:26]} 34. b3 {[%emt 0:01:03]} Ra8 {[%emt 0:00:18]} 35. Kg2 {[%emt 0:00:09]} Nxf2 {[%emt 0:00:05]} 36. Kf3 {[%emt 0:00:10]} Nd3 {[%emt 0:00:22]} 37. Ke4 {[%emt 0:01:03]} Nc1 {[%emt 0:00:19]} 38. Kd5 {[%emt 0:00:13]} Nxa2 {[%emt 0:00:10]} 39. Re7 {[%emt 0:01:28]} a4 {[%emt 0:01:18]} 40. bxa4 {[%emt 0:00:09]} b3 {[%emt 0:00:11]} 41. Kc6 {[%emt 0:00:35]} b2 {[%emt 0:01:13]} 42. Re1 {[%emt 0:01:03]} Nc1 {[%emt 0:00:10]} 43. Kb7 {[%emt 0:00:13]} Rf8 {[%emt 0:00:05]} 0-1

[Event "1st Archibald 2019"]
[Site "Sochi"]
[Date "2019.05.14"]
[Round "4.22"]
[White "Dashko, Andrey"]
[Black "Toprover, Viktor G."]
[Result "1-0"]
[WhiteElo "2211"]
[BlackElo "2275"]
[Annotator "RC"]
[PlyCount "103"]
[EventDate "2019.05.12"]
[EventType "swiss"]
[EventCountry "RUS"]
[SourceTitle "playchess.com"]
[Source "ChessBase"]
[SourceQuality "1"]
[TimeControl "5400+30"]

1. e4 {[%emt 0:00:00]} e6 {[%emt 0:00:02]} 2. d3 {[%emt 0:00:35]} d5 {[%emt 0:00:06]} 3. Nd2 {[%emt 0:00:04]} Nf6 {[%emt 0:00:14]} 4. Ngf3 {[%emt 0:00:09]} Be7 {[%emt 0:00:37]} 5. g3 {[%emt 0:00:24]} c5 {[%emt 0:04:29]} 6. Bg2 {[%emt 0:00:20]} Nc6 {[%emt 0:00:13]} 7. O-O {[%emt 0:00:26]} O-O {[%emt 0:03:31]} 8. Qe2 {[%emt 0:01:32]} Re8 {[%emt 0:02:10]} 9. Re1 {[%emt 0:01:35]} Nb4 {[%emt 0:02:39]} 10. Nf1 {[%emt 0:02:39]} b6 {[%emt 0:05:39]} 11. e5 {[%emt 0:02:20]} Nd7 {[%emt 0:00:19]} 12. h4 {[%emt 0:00:06]} Ba6 {[%emt 0:03:15]} 13. a3 {[%emt 0:05:03]} Nc6 {[%emt 0:00:46]} 14. N1h2 {[%emt 0:00:09]} Rc8 {[%emt 0:01:53]} 15. Ng4 {[%emt 0:02:58]} c4 {[%emt 0:01:38]} 16. d4 {[%emt 0:01:19]} Ndb8 {[%emt 0:02:39]} 17. c3 {[%emt 0:01:01]} Na5 {[%emt 0:00:41]} 18. Bf4 {[%emt 0:00:09]} Nb3 {[%emt 0:02:29]} 19. Rab1 {[%emt 0:04:03]} Bb5 {[%emt 0:02:37]} 20. Qc2 {[%emt 0:00:44]} Nd7 {[%emt 0:00:41]} 21. h5 {[%emt 0:02:24]} a5 {[%emt 0:02:12]} 22. Kh2 {[%emt 0:01:46]} Bc6 {[%emt 0:00:59]} 23. Bh3 {[%emt 0:01:54]} b5 {[%emt 0:01:36]} 24. Rg1 {[%emt 0:02:33]} Nf8 {[%emt 0:01:31]} 25. Be3 {[%emt 0:05:53]} b4 {[%emt 0:00:32]} 26. axb4 {[%emt 0:00:08]} axb4 {[%emt 0:00:07]} 27. Nh4 {[%emt 0:00:17]} Ra8 {[%emt 0:03:58]} 28. f4 {[%emt 0:01:21]} Ra2 {[%emt 0:06:02]} 29. f5 {[%emt 0:04:23]} Bg5 {[%emt 0:08:16]} 30. Bxg5 {[%emt 0:11:11]} Qxg5 {[%emt 0:00:07]} 31. Rg2 {[%emt 0:00:43]} bxc3 {[%emt 0:03:28]} 32. Qxc3 {[%emt 0:02:16]} Qxh5 {[%emt 0:06:55]} 33. Rf1 {[%emt 0:03:14]} Bd7 {[%emt 0:04:04]} 34. Rgf2 {[%emt 0:13:10]} Ra1 {[%emt 0:02:17]} 35. Rxa1 {[%emt 0:03:39]} Nxa1 {[%emt 0:00:06]} 36. Ne3 {[%emt 0:11:31]} Ra8 {[%emt 0:04:03]} 37. Bg4 {[%emt 0:01:47]} Qh6 {[%emt 0:01:05]} 38. Kg2 {[%emt 0:00:49]} Nb3 {[%emt 0:00:29]} 39. Bd1 {[%emt 0:00:27]} Rb8 {[%emt 0:07:38]} 40. f6 {[%emt 0:07:00]} g5 {[%emt 0:03:22]} 41. Nf3 {[%emt 0:02:17]} Ng6 {[%emt 0:02:40]} 42. Rf1 {[%emt 0:01:13]} Qf8 {[%emt 0:01:58]} 43. Rh1 {[%emt 0:00:12]} h6 {[%emt 0:01:17]} 44. Ng4 {[%emt 0:00:06]} Qb4 {[%emt 0:03:30]} 45. Nxh6+ {[%emt 0:00:47]} Kf8 {[%emt 0:00:27]} 46. Nxg5 {[%emt 0:00:09]} Qxc3 {[%emt 0:00:22]} 47. bxc3 {[%emt 0:00:01]} Nd2 {[%emt 0:01:15]} 48. Bh5 {[%emt 0:00:29]} Rb1 {[%emt 0:00:37]} 49. Ngxf7 {[%emt 0:00:39]} Rxh1 {[%emt 0:00:47]} 50. Kxh1 {[%emt 0:00:01]} Nxe5 {[%emt 0:01:54]} 51. Nxe5 {[%emt 0:00:13]} Ba4 {[%emt 0:01:08]} 52. Ng6+ {[%emt 0:00:08]} 1-0

[Event "1st Archibald 2019"]
[Site "Sochi"]
[Date "2019.05.15"]
[Round "5.1"]
[White "Kotsur, Pavel"]
[Black "Alekseev, Evgeny"]
[Result "1/2-1/2"]
[WhiteElo "2527"]
[BlackElo "2647"]
[Annotator "TA"]
[PlyCount "63"]
[EventDate "2019.05.12"]
[EventType "swiss"]
[EventCountry "RUS"]
[SourceTitle "playchess.com"]
[Source "ChessBase"]
[SourceQuality "1"]

{[%evp 25,63,33,41,23,76,0,0,0,6,0,0,0,0,0,0,0,11,3,29,0,0,0,0,0,181,174,183,175,183,191,163,24,27,7,25,-223,146,137,140,53]} 1. e4 c5 2. Nf3 Nc6 3. d4 cxd4 4. Nxd4 e6 5. Nc3 d6 6. Be3 Nf6 7. f3 Be7 8. Qd2 O-O 9. O-O-O a6 10. g4 Nxd4 11. Bxd4 b5 12. Kb1 Nd7 13. h4 b4 14. Na4 $1 {B80: Sicilian Scheveningen: 6 g3 and 6 Be3, including English Attack} Bb7 {[#]} (14... a5 $11 {keeps the balance.}) 15. Qf2 ({White should try} 15. Nb6 $1 $16) (15. g5 Bc6 16. b3 Bxa4 17. bxa4 Nb6 18. Bxb6 Qxb6 19. Bc4 Rfd8 20. Bb3 Rac8 21. f4 Rc5 {½-½ (46) Korneev,O (2608)-Salgado Lopez,I (2621) Melilla 2011}) 15... d5 16. Bd3 $146 {The position is equal.} ({Predecessor:} 16. e5 Qc7 17. f4 f6 18. Qe3 fxe5 19. fxe5 Bc6 20. Nb6 Nxb6 21. Bxb6 d4 22. Qxd4 {1-0 (41) Hamm,S (2218)-Mainka,R (2463) Bad Wiessee 2000}) 16... dxe4 17. Bxe4 Bxe4 18. fxe4 Qc7 19. b3 Rad8 20. g5 Qc6 21. Rhe1 Qb5 22. Rg1 Ne5 23. h5 Nc6 24. Bc5 Qb8 $2 (24... Bxc5 $1 $11 {and Black is okay.} 25. Qxc5 Ne5) 25. Bxe7 $18 Nxe7 {[#]} 26. Nc5 $1 Qb6 27. h6 Ng6 28. Rdf1 (28. Rxd8 $18 Rxd8 29. Rf1) 28... f5 $1 $11 {[%cal Rf5e4] Strongly threatening ...fxe4.} 29. hxg7 Kxg7 {Threatens to win with ...fxe4.} 30. exf5 $2 (30. Rh1 $11 {and White has nothing to worry.}) 30... exf5 $2 (30... Rxf5 $19 31. Nxe6+ {[%mdl 64] Remove Defender} Qxe6 32. Qxf5 Rd1+ {[%mdl 64] Deflection} 33. Rxd1 (33. Kb2 $2 Qxf5 {[%mdl 64] Overworked Piece} 34. Rxf5 Rxg1 $19) 33... Qxf5) 31. Rh1 Kg8 32. Qh2 {Accuracy: White = 37%, Black = 45%.} (32. Re1 $16 Rf7 33. Re6) 1/2-1/2